Chính sách xã hội của Đảng và Nhà nước sau Cách mạng tháng Tám /
Spremljeno u:
| Glavni autor: | |
|---|---|
| Format: | Članak |
| Jezik: | Vietnamese |
| Teme: | |
| Oznake: |
Dodaj oznaku
Bez oznaka, Budi prvi tko označuje ovaj zapis!
|
| Thư viện lưu trữ: | Thư viện Trường Đại học Đà Lạt |
|---|
| LEADER | 00850nam a2200277 4500 | ||
|---|---|---|---|
| 001 | DLU090076342 | ||
| 005 | ##20090220 | ||
| 040 | # | # | |a DLU |b vie |
| 041 | # | # | |a vie |
| 044 | # | # | |a vn |
| 100 | # | # | |a Bùi Đình Thanh. |
| 245 | # | # | |a Chính sách xã hội của Đảng và Nhà nước sau Cách mạng tháng Tám / |c Bùi Đình Thanh. |
| 653 | # | # | |a Đảng Cộng sản Việt Nam |
| 653 | # | # | |a Cách mạng tháng Tám |
| 653 | # | # | |a Chính sách xã hội |
| 653 | # | # | |a Nhà nước |
| 773 | # | # | |t Tạp chí lịch sử Đảng |g Số 11(168), 2004, tr. 41-44 |
| 920 | # | # | |a Phòng Tạp chí -- Trung tâm Thông tin - Thư viện Trường Đại học Đà Lạt |
| 994 | # | # | |a DLU |
| 900 | # | # | |a True |
| 911 | # | # | |a Lý Thị Hồng Hạnh |
| 925 | # | # | |a G |
| 926 | # | # | |a A |
| 927 | # | # | |a BB |
| 980 | # | # | |a Thư viện Trường Đại học Đà Lạt |